All Fall Guys Maps - Statistics

General Stats
  • This quiz has been taken 443 times
    329 since last reset
  • The average score is 30 of 82
Answer Stats
Hint Answer % Correct
Final Hex A Gone
67%
Final Fall Mountain
60%
Race The Whirlygig
56%
Final Jump Showdown
52%
Final Hex A Ring
49%
Race Slime Climb
49%
Race Dizzy Heights
47%
Survival Jump Club
47%
Final Roll Off
46%
Hunt Tail Tag
46%
Race Lily Leapers
45%
Final Lost Temple
45%
Final Blast Ball
44%
Survival Block Party
44%
Team Fall Ball
44%
Survival Roll Out
44%
Race Big Fans
43%
Race Door Dash
43%
Race Roll On
43%
Team Team Tail Tag
43%
Race Tundra Run
43%
Logic Sum Fruit
42%
Race Wall Guys
42%
Final Hex A Terrestrial
41%
Final Kraken Slam
41%
Final Thin Ice
41%
Team Egg Scramble
40%
Race Knight Fever
40%
Race Space Race
40%
Survival Stompin Ground
40%
Race Tip Toe
40%
Race Track Attack
40%
Hunt Hoopsie Legends
39%
Race Speed Slider
39%
Team Hoopsie Daisy
38%
Survival Hoverboard Heroes
38%
Race Party Promenade
37%
Team Basketfall
36%
Survival Blastlantis
36%
Race See Saw
36%
Race The Slimescraper
36%
Race Treetop Tumble
36%
Hunt Volleyfall
36%
Team Egg Siege
35%
Logic Perfect Match
35%
Race Hit Parade
34%
Race Hoop Chute
34%
Race Pipe Dream
34%
Race Skyline Stumble
34%
Race Speed Circuit
34%
Hunt Pegwin Pool Party
32%
Race Puzzle Path
32%
Final Royal Fumble
32%
Race Ski Fall
32%
Hunt Airtime
31%
Hunt Button Bashers
31%
Race Fruit Chute
31%
Survival Hyperdrive Heroes
31%
Survival Snowball Survival
31%
Race Cosmic Highway
30%
Race Freezy Peak
30%
Invisibeans Sweet Thieves
30%
Survival Big Shots
29%
Race Gate Crash
29%
Team Hoarders
29%
Race Short Circuit
29%
Hunt Frantic Factory
28%
Race Full Tilt
28%
Survival The Swiveller
28%
Hunt Leading Light
27%
Final Tip Toe Finale
27%
Hunt Bounce Party
26%
Hunt Bubble Trouble
25%
Race Pixel Painters
25%
Team Power Trip
25%
Team Rock N Roll
25%
Race Starchart
24%
Team Snowy Scrap
23%
Invisibeans Treat Thieves
21%
Hunt Bean Hill Zone
18%
Team Jinxed
18%
Team Pegwin Persuit
13%
No matching quizzes found
Score Distribution
Percent of People with Each Score
Percentile by Number Answered
Your Score History
You have not taken this quiz since the last reset